00503cam a2200157 a 4500020002900000020002900029041000800058082001300066100002600079245008500105260004500190300001900235505004800254650002000302700002300322 a0809129647 (pbk. : v. 1) a0809136481 (pbk. : v. 2) aENG00a270bMCG1 aMcGonigle, Thomas C.,12aA history of the Christian tradition :From Its Jewish Origins to the Reformation aNew York :bPaulist Press,cc1988-c1996. a218 P.bill. ;0 aFrom its Jewish origins to the Reformation  0aChurch history.1 aQuigley, James F.,